Konštrukcia spotových a forwardových výnosových kriviek

Spôsob konštrukcie spotových a forwardových výnosových kriviek, ktoré sú významným finančným indikátorom. Výnosová krivka vyjadruje graficky vzťah medzi výnosom aktíva a časom do jeho splatnosti. Rozdiel medzi dlhodobou a krátkodobou sadzbou (spread), na ktorý je časová štruktúra úrokových mier obvy...

ver descrição completa

Na minha lista:
Detalhes bibliográficos
Autor principal: Kaderová, Andrea
Formato: Capítulo de Livro
Idioma:eslovaco
Assuntos:
Tags: Adicionar Tag
Sem tags, seja o primeiro a adicionar uma tag!

MARC

LEADER 00000nla a2200000 4500
001 0224684
005 20240502073659.3
041 0 |a slo 
044 |a SK 
245 1 0 |a Konštrukcia spotových a forwardových výnosových kriviek  |c Andrea Kaderová 
520 |a Spôsob konštrukcie spotových a forwardových výnosových kriviek, ktoré sú významným finančným indikátorom. Výnosová krivka vyjadruje graficky vzťah medzi výnosom aktíva a časom do jeho splatnosti. Rozdiel medzi dlhodobou a krátkodobou sadzbou (spread), na ktorý je časová štruktúra úrokových mier obvykle zúžená, obsahuje cenné informácie o budúcom vývoji úrokových sadzieb, o reálnej ekonomickej aktivite, aj o vývoji inflácie. Výnosová krivka býva obvykle zostavovaná pre aktíva s podobnými charakteristikami, predovšetkým s rovnakou mierou rizika, porovnateľnou likviditou a rovnakým zdanením. 
610 2 0 |a kríza 
610 2 0 |a trh finančný 
610 2 0 |a spot 
610 2 0 |a forwardy 
610 2 0 |a rozhodovanie investičné 
610 2 0 |a modelovanie ekonometrické 
100 1 |a Kaderová, Andrea